Charms of Love / (Record no. 14227)

MARC details
000 -LEADER
fixed length control field 00534nam a22002057a 4500
001 - CONTROL NUMBER
control field BD-DhSAU 3363
003 - CONTROL NUMBER IDENTIFIER
control field BD-DhSAU
005 - DATE AND TIME OF LATEST TRANSACTION
control field 20180311205340.0
008 - FIXED-LENGTH DATA ELEMENTS--GENERAL INFORMATION
fixed length control field 150205b2018 bg a|||| |||| 00| 0 eng d
020 ## - INTERNATIONAL STANDARD BOOK NUMBER
International Standard Book Number 9789843380852
040 ## - CATALOGING SOURCE
Original cataloging agency BD-DhSAU
082 ## - DEWEY DECIMAL CLASSIFICATION NUMBER
Edition number 22
Classification number 821
Item number R929
100 ## - MAIN ENTRY--PERSONAL NAME
Personal name Rustom, Jahangir Alam
245 ## - TITLE STATEMENT
Title Charms of Love /
Statement of responsibility, etc. Jahangir Alam Rustom
260 ## - PUBLICATION, DISTRIBUTION, ETC. (IMPRINT)
Place of publication, distribution, etc. Dhaka :
Name of publisher, distributor, etc. Tumpa Prokashni ,
Date of publication, distribution, etc. c2018.
300 ## - PHYSICAL DESCRIPTION
Extent 60 p. :
Other physical details ill. ;
Dimensions 28 cm.
590 ## - Name of Cataloguer
Name of Cataloger Jerin
650 ## - SUBJECT ADDED ENTRY--TOPICAL TERM
Topical term or geographic name as entry element Englsh - Poetry
942 ## - ADDED ENTRY ELEMENTS (KOHA)
Source of classification or shelving scheme Dewey Decimal Classification
Koha item type Book
Holdings
Withdrawn status Lost status Source of classification or shelving scheme Damaged status Not for loan Collection code Home library Branch Name Shelving location Date acquired Total Checkouts Full call number Barcode Date last seen Price effective from Koha item type
    Dewey Decimal Classification   Not For Loan Reference SAU Library SAU Library Reference 04/03/2018   821 R929 40675 05/03/2018 05/03/2018 Book
    Dewey Decimal Classification       SAU Library SAU Library General Stacks 04/03/2018   821 R929 40676 05/03/2018 05/03/2018 Book
    Dewey Decimal Classification       SAU Library SAU Library General Stacks 04/03/2018   821 R929 40677 05/03/2018 05/03/2018 Book
    Dewey Decimal Classification       SAU Library SAU Library General Stacks 04/03/2018   821 R929 40678 05/03/2018 05/03/2018 Book
    Dewey Decimal Classification       SAU Library SAU Library General Stacks 04/03/2018   821 R929 40679 05/03/2018 05/03/2018 Book
    Dewey Decimal Classification       SAU Library SAU Library General Stacks 04/03/2018   821 R929 40680 05/03/2018 05/03/2018 Book
    Dewey Decimal Classification       SAU Library SAU Library General Stacks 04/03/2018   821 R929 40681 05/03/2018 05/03/2018 Book
    Dewey Decimal Classification       SAU Library SAU Library General Stacks 04/03/2018   821 R929 40682 05/03/2018 05/03/2018 Book
    Dewey Decimal Classification       SAU Library SAU Library General Stacks 04/03/2018   821 R929 40683 05/03/2018 05/03/2018 Book
    Dewey Decimal Classification       SAU Library SAU Library General Stacks 04/03/2018   821 R929 40684 05/03/2018 05/03/2018 Book
    Dewey Decimal Classification       SAU Library SAU Library General Stacks 06/03/2018   821 R929 40707 11/03/2018 11/03/2018 Book